00789nam a22002057a 450000500170000001000150001702000240003203500140005603700090007008200140007910000270009324500630012026000370018326000760022027000680029630000260036494200250039099900190041595201490043420250820113053.0 aENG-146483 a9789360391942c1.00 aEN-130015 bDBAD a370.1521 aSrinivas Kumar 984098 aOrigin Of Psychology in Indian Peninsula/cSrinivas Kumar  aKolkatabEastern Law Housec2025 aAndhra Pradesh bSchool of Education & HRD Dravidian Univerisity c2025 aSrinivasanam, Kuppam, Chittor DistrictbAndhra Pradesh e517426 aviii, 104p.c20cm(pb) 2ddccENh370.15mSRI c213025d213025 001040708NFICaMbMd2025-08-20eDelivery of Books Act Divisiong1.00l0o370.15 SRIpEN-130015r2025-08-20 00:00:00t1v1.00w2025-08-20yEN